[Event "World Blitz 2023"]
[Site "Samarkand UZB"]
[Date "2023.12.29"]
[EventDate "2023.12.29"]
[Round "5.3"]
[Result "0-1"]
[White "Mahammad Muradli"]
[Black "Sarin Nihal"]
[WhiteElo "2551"]
[BlackElo "2689"]
[PlyCount "130"]

1. d4 Nf6 2. c4 g6 3. Nc3 d5 4. cxd5 Nxd5 5. e4 Nxc3 6. bxc3 Bg7 7. Nf3 c5
8. Bb5+ Bd7 9. Bxd7+ Nxd7 10. O-O O-O 11. Qe2 Qa5 12. Bd2 cxd4 13. cxd4 Qa4
14. Qe3 b5 15. Rab1 Rfc8 16. Qg5 Nf6 17. Rfe1 a6 18. Bb4 Qxa2 19. Ra1 Qe6
20. d5 Qg4 21. Bxe7 Qxg5 22. Nxg5 h6 23. Nf3 Nxe4 24. Rad1 Nc5 25. Bd6 Nd7
26. Re7 Nb6 27. Rb7 Nxd5 28. h4 Nc3 29. Re1 Re8 30. Rxe8+ Rxe8 31. Ra7 Re6
32. Bc5 Ne4 33. Be3 h5 34. g3 Bf6 35. Kg2 Kg7 36. Nd4 Rd6 37. Ne2 Nc3 38.
Nf4 Rc6 39. Nd3 Nd5 40. Bc5 Bc3 41. Ra8 b4 42. Bf8+ Kh7 43. Ra7 Kg8 44. Bc5
b3 45. Rb7 b2 46. Ba3 Rb6 47. Rxb6 Nxb6 48. Nxb2 a5 49. Nd1 Bd4 50. Kf3 Nc4
51. Bc1 a4 52. Ke4 Bf6 53. Kd3 a3 54. Nc3 Nb2+ 55. Kc2 Bxc3 56. Kxc3 Nd1+
57. Kb3 Nxf2 58. Kxa3 f6 59. Kb3 Kf7 60. Kc4 Ke6 61. Kd4 Nh1 62. Bf4 Kf5
63. Bd6 Kg4 64. Kd5 Nxg3 65. Ke6 Ne4 0-1

[Event "World Blitz 2023"]
[Site "Samarkand UZB"]
[Date "2023.12.29"]
[EventDate "2023.12.29"]
[Round "5.4"]
[Result "1/2-1/2"]
[White "Peter Svidler"]
[Black "Vadim Zvjaginsev"]
[WhiteElo "2689"]
[BlackElo "2570"]
[PlyCount "54"]

1. e4 c5 2. Nf3 Nc6 3. Bb5 g6 4. Bxc6 bxc6 5. O-O Bg7 6. Re1 Qc7 7. c3 d6
8. h3 Nf6 9. d4 cxd4 10. cxd4 O-O 11. Nc3 c5 12. e5 dxe5 13. dxe5 Rd8 14.
Qa4 Nh5 15. Bg5 Bb7 16. Qg4 Qd7 17. e6 fxe6 18. Rad1 Bxf3 19. Qxf3 Bd4 20.
Ne4 Rf8 21. Qg4 Qd5 22. Kh1 e5 23. Bxe7 Rf4 24. Qe2 Qf7 25. Bxc5 Rxf2 26.
Qxf2 Bxf2 27. Bxf2 Nf6 1/2-1/2

[Event "World Blitz 2023"]
[Site "Samarkand UZB"]
[Date "2023.12.29"]
[EventDate "2023.12.29"]
[Round "5.5"]
[Result "1-0"]
[White "AR Saleh Salem"]
[Black "Henriquez Villagra, Cristobal"]
[WhiteElo "2668"]
[BlackElo "2568"]
[PlyCount "76"]

1. d4 Nf6 2. c4 g6 3. Nc3 Bg7 4. e4 d6 5. h3 Nbd7 6. Bd3 e5 7. d5 Nc5 8.
Bc2 h5 9. b4 Na6 10. a3 c6 11. Nf3 O-O 12. O-O Nc7 13. Bg5 cxd5 14. exd5 a5
15. Rc1 axb4 16. axb4 Ra3 17. Qd2 Na6 18. Nb5 Rxf3 19. gxf3 Bxh3 20. Rfe1
Qd7 21. Bd3 Nh7 22. Be2 Nxg5 23. Qxg5 Nxb4 24. Red1 b6 25. Ra1 Nc2 26. Ra7
Qc8 27. Nxd6 Qc5 28. Ne4 Qb4 29. Qd2 Qb3 30. Qd3 Qb2 31. Bf1 Bxf1 32. Kxf1
Nd4 33. Kg2 Bh6 34. Rb1 Qc2 35. Qxc2 Nxc2 36. Ra2 Nd4 37. Rxb6 Kg7 38. c5
1-0

[Event "World Blitz 2023"]
[Site "Samarkand UZB"]
[Date "2023.12.29"]
[EventDate "2023.12.29"]
[Round "5.6"]
[Result "1/2-1/2"]
[White "Evgeny Tomashevsky"]
[Black "Mikhail Kobalia"]
[WhiteElo "2663"]
[BlackElo "2558"]
[PlyCount "86"]

1. e4 c5 2. Nf3 e6 3. d4 cxd4 4. Nxd4 Nc6 5. Nc3 a6 6. Be3 Nf6 7. Bd3 d6 8.
O-O Bd7 9. a4 Be7 10. Re1 O-O 11. Nxc6 Bxc6 12. a5 Rc8 13. Bb6 Qe8 14. Qe2
Nd7 15. Bd4 Qd8 16. h3 Qc7 17. Qg4 Bf6 18. Bxf6 Nxf6 19. Qg3 Nd7 20. Ne2 e5
21. Nc3 Nf6 22. Qe3 h6 23. Red1 Rfd8 24. Bf1 d5 25. exd5 Nxd5 26. Nxd5 Rxd5
27. Rxd5 Bxd5 28. c4 Be6 29. b4 Rd8 30. Re1 Rd4 31. b5 Bxc4 32. b6 Qc5 33.
Rc1 Qd5 34. Bxc4 Rxc4 35. Rxc4 Qxc4 36. Qxe5 Qc6 37. Kh2 f6 38. Qe7 Qd5 39.
f4 Kh7 40. Kg3 Qd3+ 41. Kh2 Qd5 42. Kg3 Qd3+ 43. Kh2 1/2-1/2

[Event "World Blitz 2023"]
[Site "Samarkand UZB"]
[Date "2023.12.29"]
[EventDate "2023.12.29"]
[Round "5.7"]
[Result "0-1"]
[White "Velimir Ivic"]
[Black "Laurent Fressinet"]
[WhiteElo "2542"]
[BlackElo "2636"]
[PlyCount "64"]

1. e4 e5 2. Nf3 Nc6 3. Bb5 Nf6 4. d3 Bc5 5. O-O d6 6. c3 O-O 7. h3 a6 8.
Bxc6 bxc6 9. Re1 Re8 10. Nbd2 d5 11. exd5 Qxd5 12. Nb3 Bf8 13. Bg5 Nd7 14.
Qc2 c5 15. c4 Qd6 16. Nbd2 Bb7 17. Ne4 Qg6 18. Nh4 Qe6 19. Bd2 Be7 20. Nf3
f5 21. Ng3 Bxf3 22. gxf3 Bd6 23. d4 Rf8 24. d5 Qf6 25. Kh1 Qh4 26. Kg2 e4
27. fxe4 f4 28. Nf5 Qg5+ 29. Kh1 Qh5 30. Qc3 Rxf5 31. exf5 f3 32. Kg1 Qxh3
0-1

[Event "World Blitz 2023"]
[Site "Samarkand UZB"]
[Date "2023.12.29"]
[EventDate "2023.12.29"]
[Round "5.8"]
[Result "0-1"]
[White "Evgeniy Najer"]
[Black "Shant Sargsyan"]
[WhiteElo "2545"]
[BlackElo "2633"]
[PlyCount "72"]

1. d4 d5 2. Nc3 Nf6 3. Bf4 e6 4. Nb5 Na6 5. e3 Be7 6. Nf3 O-O 7. h4 c6 8.
Nc3 c5 9. a3 Bd7 10. Ne5 Rc8 11. Bd3 Nb8 12. g4 Bc6 13. g5 Ne4 14. Nxe4
dxe4 15. Nxc6 Nxc6 16. Bxe4 cxd4 17. exd4 Qb6 18. O-O Rfd8 19. Be3 Qxb2 20.
Rb1 Qxa3 21. Rxb7 g6 22. Qf3 Nxd4 23. Bxd4 Rxd4 24. Rfb1 Qxf3 25. Bxf3 Bc5
26. h5 Rf4 27. R1b3 Rf5 28. Rc3 gxh5 29. Kf1 h4 30. Ke2 h3 31. Be4 Rxf2+
32. Kd3 h2 33. Rb1 Rd8+ 34. Kc4 Rd4+ 35. Kxc5 Rxe4 36. Rh1 Kg7 0-1

[Event "World Blitz 2023"]
[Site "Samarkand UZB"]
[Date "2023.12.29"]
[EventDate "2023.12.29"]
[Round "5.9"]
[Result "0-1"]
[White "Dmitry Bocharov"]
[Black "Alexander Riazantsev"]
[WhiteElo "2482"]
[BlackElo "2621"]
[PlyCount "54"]

1. c4 e6 2. g3 d5 3. Bg2 Nf6 4. Nf3 Be7 5. d4 O-O 6. Nc3 c6 7. O-O a5 8. b3
b6 9. Bb2 Ba6 10. Nd2 b5 11. Rc1 Nbd7 12. Re1 bxc4 13. bxc4 Nb6 14. c5 Nc4
15. Nxc4 Bxc4 16. Qd2 Rb8 17. Rb1 Qc7 18. Ba1 Nd7 19. e4 dxe4 20. Nxe4 Bd5
21. Bc3 a4 22. h4 Nf6 23. Ba5 Qd7 24. Nc3 Bxg2 25. Kxg2 Bxc5 26. Nxa4 Bxd4
27. Bb6 Qd5+ 0-1

[Event "World Blitz 2023"]
[Site "Samarkand UZB"]
[Date "2023.12.29"]
[EventDate "2023.12.29"]
[Round "5.10"]
[Result "1-0"]
[White "Jinshi Bai"]
[Black "Ruslan Ponomariov"]
[WhiteElo "2516"]
[BlackElo "2613"]
[PlyCount "54"]

1. Nf3 Nf6 2. g3 g6 3. Bg2 Bg7 4. O-O O-O 5. d4 d5 6. c4 dxc4 7. Na3 c5 8.
dxc5 c3 9. Nb5 Na6 10. Nxc3 Nxc5 11. Be3 Nce4 12. Nxe4 Nxe4 13. Bd4 Bxd4
14. Nxd4 Nf6 15. Nb3 Qb6 16. Qd4 Qxd4 17. Nxd4 Rd8 18. Rfd1 Rb8 19. Rac1
Kf8 20. h3 Bd7 21. Rc7 Be8 22. Rd2 Nd5 23. g4 h6 24. Rc5 Nf6 25. Rc7 Nd5
26. Rc1 Nf6 27. e3 a5 1-0

[Event "World Blitz 2023"]
[Site "Samarkand UZB"]
[Date "2023.12.29"]
[EventDate "2023.12.29"]
[Round "5.11"]
[Result "0-1"]
[White "Lev Zverev"]
[Black "Tigran L Petrosian"]
[WhiteElo "2299"]
[BlackElo "2610"]
[PlyCount "80"]

1. e4 g6 2. d4 Bg7 3. Nc3 a6 4. Be3 b5 5. Qd2 Bb7 6. f3 d6 7. h4 h6 8.
O-O-O Nd7 9. Nh3 Nb6 10. Kb1 b4 11. Ne2 Nc4 12. Qd3 Nxe3 13. Qxe3 Nf6 14.
g4 Nd7 15. Ng3 c5 16. dxc5 Nxc5 17. Bc4 Qa5 18. h5 Na4 19. Bb3 Nxb2 20. Rd4
Na4 21. hxg6 Nc3+ 22. Kc1 fxg6 23. Nf4 Rf8 24. Ne6 Bxd4 25. Qxd4 Rxf3 26.
Qg7 Kd7 27. Nd4 Rxg3 28. Be6+ Kc7 29. Qxe7+ Kb6 30. Qxd6+ Ka7 31. Qe7 Qb6
32. Nb3 Rd8 33. Nc5 Nxe4 34. Nxb7 Qxb7 35. Qxd8 Nc5 36. Bd5 Qg7 37. Qa8+
Kb6 38. Qd8+ Qc7 39. Qf6+ Ka5 40. Qf2 Nd3+ 0-1

[Event "World Blitz 2023"]
[Site "Samarkand UZB"]
[Date "2023.12.29"]
[EventDate "2023.12.29"]
[Round "5.12"]
[Result "1-0"]
[White "Javokhir Sindarov"]
[Black "Ter-Sahakyan, Samvel"]
[WhiteElo "2607"]
[BlackElo "2556"]
[PlyCount "94"]

1. e4 c5 2. Nf3 d6 3. d4 cxd4 4. Nxd4 Nf6 5. Bd3 g6 6. h3 Bg7 7. c4 Nc6 8.
Be3 Ng4 9. hxg4 Bxd4 10. Bxd4 Nxd4 11. Nc3 e5 12. Nd5 Be6 13. Qd2 Bxd5 14.
exd5 Rc8 15. f4 Qe7 16. O-O h5 17. g5 O-O 18. Rae1 Rce8 19. f5 Qd7 20. Qf2
Nxf5 21. Bxf5 Qxf5 22. Qxf5 gxf5 23. Rxf5 Kg7 24. Rf6 Rc8 25. Rxd6 Rxc4 26.
Rxe5 Rc2 27. b4 Rxa2 28. Re7 b5 29. Rb7 a5 30. Ra6 Re8 31. g6 Rf8 32. Rxa5
Rd2 33. gxf7 Rxd5 34. Raxb5 Rxb5 35. Rxb5 Rxf7 36. Rxh5 Rf4 37. b5 Kg6 38.
Rc5 Rb4 39. Kf2 Rb3 40. g3 Kf6 41. Kg2 Ke6 42. Kh3 Kf6 43. Kh4 Rb1 44. Kh5
Rh1+ 45. Kg4 Rb1 46. Rc6+ Ke5 47. b6 1-0

[Event "World Blitz 2023"]
[Site "Samarkand UZB"]
[Date "2023.12.29"]
[EventDate "2023.12.29"]
[Round "5.13"]
[Result "1-0"]
[White "Aleksey Dreev"]
[Black "Victor Bologan"]
[WhiteElo "2599"]
[BlackElo "2489"]
[PlyCount "58"]

1. d4 Nf6 2. c4 c5 3. d5 b5 4. cxb5 a6 5. e3 Bb7 6. Nc3 Qa5 7. Bd2 axb5 8.
Bxb5 Qb6 9. a4 Nxd5 10. Nf3 e6 11. Ne5 Qd8 12. O-O Be7 13. e4 Nf6 14. Qe2
O-O 15. Rad1 d5 16. exd5 exd5 17. Bg5 d4 18. Rfe1 Nd5 19. Bxe7 Nxe7 20. Ne4
Qd5 21. Nf3 Ng6 22. Bc4 Qc6 23. Neg5 Ba6 24. Nxf7 Rxf7 25. Ng5 Ra7 26. Nxf7
Rxf7 27. Qe8+ Qxe8 28. Rxe8+ Nf8 29. Bxf7+ 1-0

[Event "World Blitz 2023"]
[Site "Samarkand UZB"]
[Date "2023.12.29"]
[EventDate "2023.12.29"]
[Round "5.14"]
[Result "0-1"]
[White "Conrad Holt"]
[Black "Arseniy Nesterov"]
[WhiteElo "2592"]
[BlackElo "2488"]
[PlyCount "138"]

1. d4 d5 2. c4 e6 3. Nc3 Nf6 4. cxd5 exd5 5. Bg5 c6 6. e3 Be7 7. Qc2 O-O 8.
Bd3 Re8 9. Nf3 h6 10. Bh4 Ne4 11. Bxe7 Qxe7 12. O-O Bf5 13. Rfe1 Nd7 14.
Nd2 Ndf6 15. Nb3 Bh7 16. f3 Ng5 17. Bxh7+ Nfxh7 18. e4 dxe4 19. fxe4 Rad8
20. Qf2 Nf6 21. e5 Nd5 22. h4 Ne6 23. Ne4 Qb4 24. Rad1 a5 25. Nd6 Re7 26.
Qd2 Qxd2 27. Rxd2 b6 28. a4 Rc7 29. Rc1 Nb4 30. Rc3 Rcd7 31. Rf2 f6 32. Rg3
fxe5 33. dxe5 c5 34. Nd2 Nc6 35. N2c4 Nxe5 36. Nxe5 Rxd6 37. Nf7 Rd1+ 38.
Kh2 R8d2 39. Nxh6+ Kh7 40. Ng4 Rxf2 41. Nxf2 Rd2 42. Nd3 Nd4 43. h5 Nf5 44.
Rh3 Kh6 45. b3 Kg5 46. Ne5 Rc2 47. Nc4 Nh4 48. Rg3+ Kxh5 49. Rxg7 Nf3+ 50.
Kg3 Nd4 51. Nxb6 Nf5+ 52. Kf4 Nxg7 53. Nc4 Ne6+ 54. Ke5 Nd4 55. Nxa5 Rc3
56. Kd5 Kg4 57. b4 cxb4 58. Kxd4 Rc8 59. Nb3 Rc3 60. Nd2 Kf5 61. a5 Rc2 62.
Nc4 b3 63. a6 b2 64. a7 b1=Q 65. a8=Q Qg1+ 66. Kd3 Qd1+ 67. Ke3 Re2+ 68.
Kf3 Qd3+ 69. Ne3+ Qxe3# 0-1

[Event "World Blitz 2023"]
[Site "Samarkand UZB"]
[Date "2023.12.29"]
[EventDate "2023.12.29"]
[Round "5.15"]
[Result "0-1"]
[White "Almas Rakhmatullaev"]
[Black "Nodirbek Yakubboev"]
[WhiteElo "2218"]
[BlackElo "2582"]
[PlyCount "136"]

1. e4 c6 2. d4 d5 3. exd5 cxd5 4. c4 Nf6 5. Nc3 e6 6. c5 b6 7. b4 bxc5 8.
bxc5 Be7 9. Nf3 O-O 10. Bd3 Ba6 11. Bxa6 Nxa6 12. O-O Qe8 13. Rb1 Nb8 14.
Nb5 Qc8 15. Bf4 Nc6 16. Ne5 Nd7 17. Nf3 a6 18. Nd6 Bxd6 19. Bxd6 Re8 20.
Qa4 f6 21. Rfe1 a5 22. Re3 Ra7 23. Rbe1 Kf7 24. Qc2 h6 25. a3 Rb7 26. h4 f5
27. Qa4 Rb2 28. h5 Qa6 29. g4 fxg4 30. Ne5+ Ndxe5 31. Bxe5 Qb5 32. Qd1 Nxe5
33. Rxe5 g3 34. Qf3+ Kg8 35. Qxg3 Qd7 36. Qg4 Rf8 37. f3 Qa4 38. Rxe6 Qc2
39. R6e2 Qc3 40. Qe6+ Kh8 41. Qxd5 Rxe2 42. Rxe2 Qd3 43. Qe4 Qxa3 44. c6
Qd6 45. d5 Qg3+ 46. Rg2 Qd6 47. Qd4 Rf7 48. Rg6 Qa3 49. Rxh6+ Kg8 50. Re6
Rxf3 51. Rg6 Qc1+ 52. Kh2 Qc2+ 53. Rg2 Qh7 54. Qg4 Rf5 55. c7 Rxh5+ 56. Kg3
Qd3+ 57. Kf2 Qc2+ 58. Qe2 Rf5+ 59. Kg1 Qxc7 60. Qe6+ Qf7 61. Qc8+ Kh7 62.
Rh2+ Rh5 63. Rxh5+ Qxh5 64. Qe6 Qg6+ 65. Kf2 Qxe6 66. dxe6 Kg6 67. Ke3 Kf6
68. Kd4 0-1

[Event "World Blitz 2023"]
[Site "Samarkand UZB"]
[Date "2023.12.29"]
[EventDate "2023.12.29"]
[Round "5.16"]
[Result "1-0"]
[White "Subramaniyam H Bharath"]
[Black "B Adhiban"]
[WhiteElo "2435"]
[BlackElo "2576"]
[PlyCount "70"]

1. d4 e6 2. Nf3 c5 3. c3 Nf6 4. Bf4 Nc6 5. Nbd2 cxd4 6. cxd4 d5 7. e3 Nh5
8. Bg5 Qb6 9. Rb1 h6 10. Bh4 g5 11. Bg3 Nxg3 12. hxg3 Bg7 13. Bd3 g4 14.
Nh4 h5 15. b4 Bd7 16. O-O O-O 17. Nb3 Ne7 18. Nc5 Bb5 19. Bxb5 Qxb5 20. a4
Qc6 21. b5 Qc7 22. Rc1 Rfc8 23. Qd2 Qb6 24. a5 Qxb5 25. Rb1 Qc6 26. Rxb7
Rc7 27. a6 Rac8 28. Rfb1 Qd6 29. Rxc7 Rxc7 30. Rb7 Nc8 31. Qa5 Nb6 32. Qb5
Bf8 33. Qe8 Qe7 34. Qb8 Nc4 35. Qxc7 1-0

[Event "World Blitz 2023"]
[Site "Samarkand UZB"]
[Date "2023.12.29"]
[EventDate "2023.12.29"]
[Round "5.17"]
[Result "1-0"]
[White "Fabiano Caruana"]
[Black "Ortik Nigmatov"]
[WhiteElo "2815"]
[BlackElo "2382"]
[PlyCount "56"]

1. d4 Nf6 2. c4 e6 3. Nc3 Bb4 4. e3 O-O 5. Bd3 Re8 6. a3 Bxc3+ 7. bxc3 e5
8. Ne2 d6 9. Ng3 Nc6 10. O-O e4 11. Bc2 Na5 12. f3 Nxc4 13. fxe4 Bg4 14.
Qd3 b5 15. a4 a6 16. h3 Be6 17. e5 dxe5 18. Nh5 e4 19. Nxf6+ Qxf6 20. Qxe4
Qh6 21. axb5 Bd7 22. Qf3 Bxb5 23. Qxf7+ Kh8 24. e4 Qe6 25. Qxe6 Rxe6 26. e5
Bc6 27. Rxa6 Rae8 28. Bf5 1-0

[Event "World Blitz 2023"]
[Site "Samarkand UZB"]
[Date "2023.12.29"]
[EventDate "2023.12.29"]
[Round "5.18"]
[Result "0-1"]
[White "Haik M Martirosyan"]
[Black "Rudik Makarian"]
[WhiteElo "2770"]
[BlackElo "2540"]
[PlyCount "128"]

1. d4 Nf6 2. c4 e6 3. Nf3 d5 4. Nc3 dxc4 5. e4 b5 6. e5 Nd5 7. Nxb5 Nb6 8.
Be2 Nc6 9. Be3 Bb7 10. a3 Ne7 11. Qc2 a6 12. Nc3 Nf5 13. Rd1 Be7 14. O-O
O-O 15. Bc1 Rb8 16. Be3 Qe8 17. Rd2 c5 18. Rfd1 Nxe3 19. fxe3 cxd4 20. Rxd4
Bc5 21. Rh4 Bxe3+ 22. Kh1 h6 23. Ne4 Qa4 24. Qb1 Rfd8 25. Rf1 Nd5 26. Rg4
Kf8 27. Nd6 Rxd6 28. exd6 Nf6 29. Rxc4 Qd7 30. Qd3 Bb6 31. Ne5 Qd8 32. d7
Bd5 33. Rb4 Bc7 34. Rxb8 Bxb8 35. Qd4 Bxe5 36. Qxe5 Qxd7 37. Qb8+ Ne8 38.
Qb6 Kg8 39. Bxa6 Nf6 40. Qb8+ Kh7 41. Bd3+ Ne4 42. Qf4 f5 43. Qe3 Qb7 44.
b4 Nf6 45. Qe2 Qa7 46. a4 Qd4 47. b5 Ng4 48. h3 Ne3 49. Rf2 Kh8 50. Kh2
Qe5+ 51. Kg1 Qa1+ 52. Kh2 Qe5+ 53. g3 Qa1 54. g4 Qe5+ 55. Kg1 Qg3+ 56. Rg2
Nxg2 57. Qf2 Qxd3 58. b6 Qb1+ 59. Kh2 Ne1 60. Qc5 Qb2+ 61. Kg3 Qg2+ 62. Kf4
Qe4+ 63. Kg3 Qg2+ 64. Kf4 Nd3+ 0-1

[Event "World Blitz 2023"]
[Site "Samarkand UZB"]
[Date "2023.12.29"]
[EventDate "2023.12.29"]
[Round "5.19"]
[Result "1-0"]
[White "Van Foreest, Lucas"]
[Black "Dmitry Andreikin"]
[WhiteElo "2519"]
[BlackElo "2741"]
[PlyCount "56"]

1. e4 c5 2. Qg4 Nf6 3. Qh4 Nc6 4. Nf3 d6 5. Bb5 Bd7 6. d3 Qa5+ 7. Nc3 Nd4
8. Bxd7+ Nxd7 9. O-O Nxc2 10. Rb1 e6 11. Bd2 Qa6 12. Rbc1 Nd4 13. Qg3 Qxd3
14. Nxd4 Qxd4 15. Rfd1 Qf6 16. Bg5 Qg6 17. Nb5 f6 18. Nxd6+ Bxd6 19. Qxd6
Qf7 20. Be3 Qe7 21. Qc7 Ne5 22. Rxc5 Nc6 23. Rxc6 bxc6 24. Qxc6+ Kf7 25.
Rd7 Rhd8 26. Rxe7+ Kxe7 27. Qb7+ Rd7 28. Bc5+ 1-0

[Event "World Blitz 2023"]
[Site "Samarkand UZB"]
[Date "2023.12.29"]
[EventDate "2023.12.29"]
[Round "5.20"]
[Result "1/2-1/2"]
[White "Boris Savchenko"]
[Black "Shakhriyar Mamedyarov"]
[WhiteElo "2513"]
[BlackElo "2716"]
[PlyCount "94"]

1. e4 e5 2. Nf3 Nc6 3. Bc4 Nf6 4. d3 Bc5 5. Nbd2 d6 6. c3 a5 7. Bb5 O-O 8.
O-O Bd7 9. Nc4 h6 10. a4 Ne7 11. d4 exd4 12. cxd4 Bb4 13. e5 dxe5 14. dxe5
Nfd5 15. Bxd7 Qxd7 16. Nd4 Rad8 17. Qf3 Nb6 18. Nxb6 Qxd4 19. Be3 Qxe5 20.
Nc4 Qf5 21. Qxb7 Nd5 22. Rad1 Rfe8 23. Ba7 Qe6 24. Ne3 c6 25. Nxd5 Rxd5 26.
Rxd5 cxd5 27. Qb5 Rc8 28. Bd4 Rc4 29. Bc3 Bxc3 30. bxc3 Qc6 31. Qxa5 Rxa4
32. Qd8+ Kh7 33. Rd1 Rc4 34. g3 Rc5 35. h4 Qe6 36. Kg2 Qe4+ 37. Kg1 Qe2 38.
Rf1 Qd3 39. Qd7 f6 40. h5 Rxc3 41. Qg4 Rc4 42. Qh3 Qe4 43. Rd1 Qe2 44. Qf5+
Kh8 45. Ra1 Qe8 46. Qxd5 Rc8 47. Rd1 1/2-1/2

[Event "World Blitz 2023"]
[Site "Samarkand UZB"]
[Date "2023.12.29"]
[EventDate "2023.12.29"]
[Round "5.22"]
[Result "0-1"]
[White "Bardiya Daneshvar"]
[Black "Anton Korobov"]
[WhiteElo "2483"]
[BlackElo "2649"]
[PlyCount "146"]

1. Nf3 d5 2. g3 Bg4 3. Bg2 c6 4. O-O Nd7 5. h3 Bh5 6. d4 e6 7. c4 Be7 8.
Nc3 Ngf6 9. cxd5 exd5 10. Nh4 O-O 11. g4 Bg6 12. Nxg6 hxg6 13. Qd3 Re8 14.
Bf4 Nb6 15. e3 a5 16. Rae1 a4 17. Qc2 a3 18. b3 Bb4 19. Re2 Nbd7 20. Bg3
Nf8 21. Qd3 Qa5 22. Rc2 Rad8 23. f3 c5 24. Nb5 Ne6 25. h4 b6 26. g5 Nh5 27.
Bh2 cxd4 28. Nxd4 Bc5 29. Nc6 Nef4 30. Qd1 Bxe3+ 31. Kh1 Qa8 32. Nxd8 Qxd8
33. Re1 d4 34. Bf1 Kh7 35. b4 Qd5 36. Bc4 Qd7 37. Bf1 Re5 38. b5 Qd5 39.
Bc4 Qd7 40. Bf1 Rd5 41. Rc6 Bf2 42. Rxb6 Bxh4 43. Re4 Ng3+ 44. Bxg3 Bxg3
45. Qd2 Rxg5 46. Rxf4 Rh5+ 47. Kg1 Qc7 48. Rc6 Qxf4 49. Qxf4 Bxf4 50. b6
Rh2 51. Bg2 d3 52. Rc3 d2 53. Rd3 Rh5 54. Bf1 Re5 55. b7 Re1 56. Rxd2 Rb1
57. Rd7 f5 58. Re7 Kh6 59. Kg2 Rb2+ 60. Re2 Rxb7 61. Rf2 Kg5 62. Bc4 Kh4
63. Bb3 g5 64. Rf1 g4 65. fxg4 Kxg4 66. Rd1 Re7 67. Rd4 Re2+ 68. Kf1 Rb2
69. Ra4 Kg3 70. Rxa3 Be3 71. Be6 f4 72. Ra5 f3 73. Bf5 Rh2 0-1

[Event "World Blitz 2023"]
[Site "Samarkand UZB"]
[Date "2023.12.29"]
[EventDate "2023.12.29"]
[Round "5.23"]
[Result "1-0"]
[White "Santosh Gujrathi Vidit"]
[Black "Yuriy Kuzubov"]
[WhiteElo "2642"]
[BlackElo "2487"]
[PlyCount "80"]

1. e4 e6 2. d4 d5 3. Nc3 Bb4 4. e5 Ne7 5. a3 Bxc3+ 6. bxc3 b6 7. Qg4 Ng6 8.
h4 h5 9. Qg3 Ba6 10. Bxa6 Nxa6 11. a4 Nb8 12. Nf3 Nc6 13. Ng5 Nce7 14. Qd3
Qd7 15. a5 f6 16. Nf3 Kf7 17. g3 Nc6 18. exf6 gxf6 19. axb6 axb6 20. Rxa8
Rxa8 21. O-O Nce7 22. c4 dxc4 23. Qxc4 Qd5 24. Qe2 Ra2 25. Re1 Qf5 26. d5
e5 27. Nd2 Rxc2 28. Qd1 Ra2 29. d6 cxd6 30. Qb3+ Qe6 31. Nc4 d5 32. Nd6+
Qxd6 33. Qxa2 Qe6 34. Ba3 Nf5 35. Qe2 Ng7 36. Rc1 Qd7 37. Qd3 d4 38. Qb3+
Ne6 39. Qxb6 Kg7 40. Qb8 Qa4 1-0

[Event "World Blitz 2023"]
[Site "Samarkand UZB"]
[Date "2023.12.29"]
[EventDate "2023.12.29"]
[Round "5.24"]
[Result "1-0"]
[White "Giga Quparadze"]
[Black "Jakub Kosakowski"]
[WhiteElo "2617"]
[BlackElo "2485"]
[PlyCount "88"]

1. e4 c6 2. d4 d5 3. f3 Qb6 4. Nc3 dxe4 5. Nxe4 Nf6 6. c3 Bf5 7. Bd3 Bg6 8.
Ne2 Nbd7 9. O-O e6 10. Kh1 Be7 11. a4 a5 12. Nf4 O-O 13. Nxg6 hxg6 14. Qe2
Qc7 15. Ng5 Bd6 16. Nxe6 fxe6 17. Qxe6+ Rf7 18. Bxg6 Rf8 19. Bg5 Bf4 20.
Bxf4 Qxf4 21. Rae1 Qg5 22. Bxf7+ Rxf7 23. f4 Qd5 24. f5 Nb6 25. b3 Qd8 26.
c4 Kf8 27. Qe5 Nbd7 28. Qd6+ Kg8 29. Re3 Ng4 30. Rh3 Qg5 31. Qf4 Qxf4 32.
Rxf4 Re7 33. Rhf3 Ne3 34. g4 Nc2 35. g5 Re1+ 36. Kg2 Rd1 37. Kh3 Nxd4 38.
Re3 Nc5 39. g6 Kf8 40. Rh4 Nce6 41. fxe6 Ke7 42. Rf4 Nxe6 43. Rfe4 Rd6 44.
c5 1-0

[Event "World Blitz 2023"]
[Site "Samarkand UZB"]
[Date "2023.12.29"]
[EventDate "2023.12.29"]
[Round "5.25"]
[Result "0-1"]
[White "Ilia Iljiushenok"]
[Black "Anton Guijarro, David"]
[WhiteElo "2479"]
[BlackElo "2616"]
[PlyCount "44"]

1. e4 c6 2. Nf3 d5 3. d3 e6 4. Be2 Nf6 5. e5 Nfd7 6. d4 c5 7. c3 b6 8. a4
Ba6 9. Bb5 Be7 10. O-O O-O 11. b3 Bxb5 12. axb5 a6 13. Be3 Qc8 14. Nbd2 Qb7
15. Qe2 axb5 16. Qxb5 Nc6 17. h4 h6 18. g3 Ra7 19. Rxa7 Nxa7 20. Qd3 Nc6
21. Ra1 b5 22. Kg2 b4 0-1

[Event "World Blitz 2023"]
[Site "Samarkand UZB"]
[Date "2023.12.29"]
[EventDate "2023.12.29"]
[Round "5.26"]
[Result "1-0"]
[White "Andrey Esipenko"]
[Black "Gabriel Gaehwiler"]
[WhiteElo "2615"]
[BlackElo "2448"]
[PlyCount "122"]

1. e4 c5 2. Nf3 d6 3. d4 cxd4 4. Nxd4 Nf6 5. Nc3 a6 6. Bd3 Nc6 7. Nxc6 bxc6
8. h3 e5 9. O-O Be6 10. Re1 Be7 11. Be3 O-O 12. Na4 Rb8 13. b3 a5 14. Bd2
Nd7 15. c4 Qc7 16. Qe2 f5 17. exf5 Bxf5 18. Rad1 Bxd3 19. Qxd3 Nf6 20. Qc3
Ra8 21. c5 Nd5 22. Qc4 Kh8 23. cxd6 Bxd6 24. Nc3 Qb6 25. Be3 Nxe3 26. Rxe3
Bc5 27. Na4 Bxe3 28. Nxb6 Bxf2+ 29. Kh1 Bxb6 30. Rd7 Bd4 31. Kh2 Rae8 32.
Qxc6 Be3 33. Rf7 Bf4+ 34. g3 Bh6 35. Qe6 e4 36. Rxf8+ Rxf8 37. Qxe4 Bd2 38.
a3 h6 39. Kg2 Bg5 40. Qe5 Ra8 41. Qd5 Ra7 42. Qc5 Ra8 43. h4 Bf6 44. b4
axb4 45. axb4 Rb8 46. b5 Bd8 47. Qd6 Ra8 48. b6 Bxb6 49. Qxb6 Rf8 50. Kh3
Rf6 51. Qd8+ Kh7 52. Qd3+ Kg8 53. g4 Rf8 54. g5 hxg5 55. hxg5 Re8 56. Kg4
Kf7 57. Qf5+ Kg8 58. Kh5 Rf8 59. Qd5+ Kh7 60. Qe4+ Kg8 61. Kg6 1-0

[Event "World Blitz 2023"]
[Site "Samarkand UZB"]
[Date "2023.12.29"]
[EventDate "2023.12.29"]
[Round "5.27"]
[Result "0-1"]
[White "Stepan Zilka"]
[Black "Ivan Cheparinov"]
[WhiteElo "2494"]
[BlackElo "2613"]
[PlyCount "100"]

1. e4 e5 2. Nf3 Nc6 3. Bb5 a6 4. Ba4 Nf6 5. O-O Be7 6. Re1 b5 7. Bb3 O-O 8.
c3 d6 9. h3 Nb8 10. d4 Nbd7 11. Nbd2 Bb7 12. Bc2 Re8 13. Nf1 Bf8 14. Ng3 g6
15. Bg5 h6 16. Bd2 Bg7 17. a4 c5 18. d5 c4 19. Be3 Qc7 20. Qd2 Kh7 21. Ra3
Nc5 22. axb5 axb5 23. Rea1 Rxa3 24. Rxa3 Ra8 25. Rxa8 Bxa8 26. Qc1 Qa7 27.
Qb1 Bb7 28. Nd2 Nfd7 29. b4 cxb3 30. Nxb3 Ba6 31. Bd3 Qb6 32. Be2 h5 33.
Nf1 Qc7 34. Nfd2 Na4 35. Bf1 Qxc3 36. Nc1 Bh6 37. Na2 Qa5 38. Nb3 Qc7 39.
Bxh6 Kxh6 40. Nb4 Ndc5 41. Nxc5 Nxc5 42. Nxa6 Nxa6 43. Qxb5 Nc5 44. Qc4 h4
45. Qc1+ Kg7 46. Be2 Qb6 47. Qc2 Qb4 48. Bf3 Qe1+ 49. Kh2 Qf1 50. Qb2 0-1

[Event "World Blitz 2023"]
[Site "Samarkand UZB"]
[Date "2023.12.29"]
[EventDate "2023.12.29"]
[Round "5.28"]
[Result "1-0"]
[White "Aleksandr Shimanov"]
[Black "Arystan Isanzhulov"]
[WhiteElo "2611"]
[BlackElo "2431"]
[PlyCount "110"]

1. d4 Nf6 2. Bg5 e6 3. Nd2 c5 4. c3 Be7 5. e4 h6 6. Bxf6 Bxf6 7. dxc5 Qc7
8. Nb3 O-O 9. Nf3 Be7 10. Qd4 Nc6 11. Qe3 b6 12. cxb6 axb6 13. Bd3 Bb7 14.
O-O Bd6 15. a3 Rfc8 16. Rad1 Bf8 17. Rfe1 Ne7 18. Nbd4 Ng6 19. e5 Bc5 20.
Be4 Ra4 21. Bxb7 Qxb7 22. Qd2 Bxd4 23. Nxd4 Nh4 24. f3 Ra5 25. Nc2 Ng6 26.
f4 Rd5 27. Qf2 Rxd1 28. Rxd1 Rc4 29. g3 h5 30. Qe2 Rc7 31. Qxh5 Qe4 32. Nd4
Qd5 33. Qe2 Qa2 34. Rd2 Ne7 35. Nb5 Rb7 36. Qh5 Qc4 37. Nd6 Qc5+ 38. Kf1 g6
39. Nxb7 Qc6 40. Qe2 Qh1+ 41. Kf2 Qxb7 42. Qf3 Qa7 43. Qd3 Nd5 44. c4 Nc7
45. Qxd7 b5+ 46. Qd4 Qb7 47. Qd8+ Kh7 48. Qh4+ Kg7 49. Qf6+ Kh7 50. Qxf7+
Kh6 51. Qf8+ Kh5 52. h3 Qa7+ 53. c5 g5 54. g4+ Kg6 55. Qf6+ 1-0